000 00639nas a2200229 4500
001 BR8903708
003 BR-BrBNA
005 20231205091634.0
007 ta
008 230509b bl.|||p| |||| 00| 00por d
040 _aBR-BrBNA
_bpor
_cBiblioteca Nacional de Agricultura
041 _a(Pt)
072 _aF08
100 1 _aFaertes, V.
245 1 _aCafe e abacate: os novos compadres
650 _aABACATE
650 _aCAFE
650 _aCONSORCIACAO DE CULTURA
773 0 _tManchete Rural (Brazil)
_xISSN 0102-8901
_g(Jul 1989), v. 3(28) p. 16-17
_wBR8903708
909 _a202311
_bLúcia
_c55
_dLúcia Elande
942 _2AGRIS
_n0
_cANA
999 _c126351
_d126351